000 00482nam a2200181Ia 4500
003 GCL
008 140319s9999 xx 000 0 ara d
040 _aGCL /
_cGCL
082 0 4 _a216
_bم ا
245 1 0 _aالاسلام فى تصورات الغرب
300 _a200 ص
490 _a
650 0 4 _aالاسلام والحضارة
650 0 4 _aالسيرة النبوية
650 0 4 _aالتراث
650 0 4 _aالاستشراق والمستشرقون
942 _2ddc
_cBK
999 _c37981
_d37981